[Event "Linares Anibal op 10th"]
[Site "Linares"]
[Date "2003.03.07"]
[Round "8"]
[White "Korobov, Anton"]
[Black "Kharlov, Andrei"]
[Result "1/2-1/2"]
[WhiteElo "2509"]
[BlackElo "2597"]
[PlyCount "29"]
[EventDate "2003.02.28"]
[EventType "swiss"]
[EventRounds "10"]
[EventCountry "ESP"]
[SourceTitle "CBM 093 ext"]
[Source "ChessBase"]
[SourceDate "2003.05.09"]
[SourceVersion "1"]
[SourceVersionDate "2003.05.09"]
[SourceQuality "1"]

1. d4 d5 2. c4 dxc4 3. e3 e6 4. Bxc4 a6 5. Nf3 c5 6. O-O Nf6 7. a4 Nc6 8. Qe2
cxd4 9. Rd1 Be7 10. exd4 O-O 11. Nc3 Nd5 12. Bd2 Re8 13. Rac1 Bf8 14. Ne4 Bd7
15. Bd3 1/2-1/2

[Event "Linares Anibal op 10th"]
[Site "Linares"]
[Date "2003.03.08"]
[Round "9"]
[White "Kharlov, Andrei"]
[Black "Beliavsky, Alexander"]
[Result "1/2-1/2"]
[WhiteElo "2597"]
[BlackElo "2649"]
[PlyCount "89"]
[EventDate "2003.02.28"]
[EventType "swiss"]
[EventRounds "10"]
[EventCountry "ESP"]
[SourceTitle "CBM 093 ext"]
[Source "ChessBase"]
[SourceDate "2003.05.09"]
[SourceVersion "1"]
[SourceVersionDate "2003.05.09"]
[SourceQuality "1"]

1. e4 e5 2. Nf3 Nc6 3. Bb5 a6 4. Ba4 Nf6 5. Bxc6 dxc6 6. d3 Nd7 7. Nbd2 Bd6 8.
b3 O-O 9. Bb2 c5 10. Nc4 f6 11. Nh4 Nb8 12. Nf5 Nc6 13. O-O Be6 14. Nfe3 Qd7
15. Nxd6 cxd6 16. f4 b5 17. f5 Bf7 18. c4 Rfb8 19. Rf2 a5 20. g4 a4 21. h4 axb3
22. axb3 Rxa1 23. Qxa1 bxc4 24. bxc4 Rb3 25. Bc3 Qb7 26. Rb2 Rxb2 27. Bxb2 h6
28. Bc3 Nd4 29. Kf2 Qb3 30. Qb2 Qa4 31. Bxd4 cxd4 32. Nc2 Kh7 33. h5 Qa8 34.
Na3 Qa4 35. Nc2 Kg8 36. Ke1 Be8 37. Kd2 Qa5+ 38. Kc1 Kf8 39. Qb8 Ke7 40. Qb7+
Bd7 41. Nb4 Qa1+ 42. Kc2 Ke8 43. Qb8+ Kf7 44. Qb7 Ke8 45. Qb8+ 1/2-1/2

[Event "Dubai op 5th"]
[Site "Dubai"]
[Date "2003.04.20"]
[Round "1"]
[White "Jasim, AR Saleh"]
[Black "Kharlov, Andrei"]
[Result "0-1"]
[WhiteElo "2300"]
[BlackElo "2581"]
[PlyCount "84"]
[EventDate "2003.04.20"]
[EventType "swiss"]
[EventRounds "9"]
[EventCountry "UAE"]
[SourceTitle "CBM 093 ext"]
[Source "ChessBase"]
[SourceDate "2003.05.09"]
[SourceVersion "1"]
[SourceVersionDate "2003.05.09"]
[SourceQuality "1"]

1. Nf3 Nf6 2. g3 g6 3. b3 Bg7 4. Bb2 d5 5. Bg2 c5 6. c4 d4 7. b4 O-O 8. O-O Re8
9. d3 e5 10. bxc5 Nfd7 11. Nbd2 Nxc5 12. Rb1 Bd7 13. Ba1 Bc6 14. Nb3 Nbd7 15.
Qd2 b6 16. Ne1 Bxg2 17. Kxg2 h5 18. Nc2 Kh7 19. Nb4 Bh6 20. Qc2 Nf6 21. a3 Qd7
22. Nd2 h4 23. Ne4 Ncxe4 24. dxe4 Rac8 25. Qd3 Re6 26. Nd5 Rec6 27. e3 h3+ 28.
Kh1 Qe6 29. exd4 exd4 30. Nxf6+ Qxf6 31. Bxd4 Rd8 32. Bxf6 Rxd3 33. e5 Rxc4 34.
Rbd1 Rxd1 35. Rxd1 Rc1 36. Rxc1 Bxc1 37. Be7 g5 38. Kg1 Kg6 39. a4 Kf5 40. Bd6
g4 41. Kf1 Ke4 42. Ke2 Bb2 0-1

[Event "Dubai op 5th"]
[Site "Dubai"]
[Date "2003.04.21"]
[Round "2"]
[White "Kharlov, Andrei"]
[Black "Dizdar, Goran"]
[Result "0-1"]
[WhiteElo "2581"]
[BlackElo "2514"]
[PlyCount "140"]
[EventDate "2003.04.20"]
[EventType "swiss"]
[EventRounds "9"]
[EventCountry "UAE"]
[SourceTitle "CBM 093 ext"]
[Source "ChessBase"]
[SourceDate "2003.05.09"]
[SourceVersion "1"]
[SourceVersionDate "2003.05.09"]
[SourceQuality "1"]

1. e4 e6 2. d4 d5 3. Nd2 c5 4. Ngf3 Nf6 5. exd5 exd5 6. Bb5+ Bd7 7. Bxd7+ Nbxd7
8. O-O Be7 9. dxc5 Nxc5 10. Nb3 Nce4 11. Nfd4 Qd7 12. f3 Nd6 13. Nc5 Qc8 14.
Nd3 O-O 15. Re1 Re8 16. c3 Qc4 17. Bg5 Bd8 18. Rxe8+ Ndxe8 19. Ne5 Qc7 20. Qe2
Nd6 21. Re1 h6 22. Bh4 Nc4 23. Nd3 Qd7 24. Nb4 a5 25. Nd3 Rc8 26. a3 Nd6 27.
Ne5 Qa4 28. Qd1 Qxd1 29. Rxd1 a4 30. Nc2 Bb6+ 31. Kf1 g5 32. Bg3 Bc5 33. Rd3
Kg7 34. h3 b6 35. Ng4 Nc4 36. Be5 Nxe5 37. Nxe5 Nh5 38. Nd4 Ng3+ 39. Kf2 Nf5
40. Rd2 f6 41. Nd3 Nxd4 42. Nxc5 bxc5 43. cxd4 c4 44. Re2 Kf7 45. Ke1 Rb8 46.
Kd1 Rb3 47. Kc2 Rd3 48. Rd2 Re3 49. Rd1 h5 50. Kd2 Rd3+ 51. Kc2 Re3 52. Kd2 Rb3
53. Kc2 h4 54. Re1 Rd3 55. Rd1 Re3 56. Kd2 Rd3+ 57. Kc2 Re3 58. Kd2 Rb3 59. Kc2
Kg6 60. Re1 Kf5 61. Re8 Kf4 62. Rd8 Kg3 63. Rxd5 Kxg2 64. Rf5 Kxh3 65. Rxf6 Kg2
66. Rf5 g4 67. fxg4 h3 68. Rh5 h2 69. Rxh2+ Kxh2 70. g5 Kg3 0-1

[Event "Dubai op 5th"]
[Site "Dubai"]
[Date "2003.04.23"]
[Round "3"]
[White "Gashimov, Sarkhan"]
[Black "Kharlov, Andrei"]
[Result "0-1"]
[WhiteElo "2317"]
[BlackElo "2581"]
[PlyCount "90"]
[EventDate "2003.04.20"]
[EventType "swiss"]
[EventRounds "9"]
[EventCountry "UAE"]
[SourceTitle "CBM 093 ext"]
[Source "ChessBase"]
[SourceDate "2003.05.09"]
[SourceVersion "1"]
[SourceVersionDate "2003.05.09"]
[SourceQuality "1"]

1. Nf3 d5 2. b3 c5 3. Bb2 Nc6 4. e3 a6 5. Be2 Bg4 6. Ne5 Bxe2 7. Qxe2 Nxe5 8.
Bxe5 e6 9. O-O Ne7 10. d3 Nc6 11. Bb2 d4 12. Qg4 g6 13. exd4 Nxd4 14. Qe4 Bg7
15. Nc3 Nxc2 16. Rac1 Nb4 17. Na4 Bxb2 18. Nxb2 b6 19. d4 cxd4 20. Rfd1 O-O 21.
Rxd4 Nd5 22. Rdc4 b5 23. R4c2 Qd6 24. Nd3 Rfd8 25. g3 b4 26. Rc6 Qe7 27. R1c4
a5 28. Ne5 Qf6 29. Kg2 h5 30. Nf3 a4 31. bxa4 Rxa4 32. Rc2 Ra3 33. h4 Qf5 34.
Qxf5 gxf5 35. Rb2 Rda8 36. Rcc2 f4 37. gxf4 Nxf4+ 38. Kg3 Nd5 39. Rd2 Rc3 40.
Kg2 Raa3 41. Ng5 Rc4 42. f3 Rxh4 43. Ne4 Ne3+ 44. Kg3 Rh1 45. Kf4 Kg7 0-1

[Event "Dubai op 5th"]
[Site "Dubai"]
[Date "2003.04.23"]
[Round "4"]
[White "Kharlov, Andrei"]
[Black "Sveshnikov, Evgeny"]
[Result "1/2-1/2"]
[WhiteElo "2581"]
[BlackElo "2551"]
[PlyCount "115"]
[EventDate "2003.04.20"]
[EventType "swiss"]
[EventRounds "9"]
[EventCountry "UAE"]
[SourceTitle "CBM 093 ext"]
[Source "ChessBase"]
[SourceDate "2003.05.09"]
[SourceVersion "1"]
[SourceVersionDate "2003.05.09"]
[SourceQuality "1"]

1. c4 e6 2. Nf3 d5 3. e3 Nf6 4. b3 Bd6 5. d4 O-O 6. Bd3 b6 7. O-O Bb7 8. Bb2
Nbd7 9. Nc3 a6 10. Rc1 Qe7 11. Na4 Ne4 12. Qe2 f5 13. Ne5 dxc4 14. bxc4 Nxe5
15. dxe5 Bb4 16. f3 Nc5 17. Bc2 Rad8 18. Rcd1 Bc6 19. Nc3 Nd7 20. Nb1 Bc5 21.
Bd4 f4 22. Nc3 fxe3 23. Qxe3 Nxe5 24. Bxc5 Qxc5 25. Qxc5 bxc5 26. Rfe1 Nxc4 27.
Rxe6 Rxd1+ 28. Bxd1 Nd6 29. Bb3 Kh8 30. Re7 c4 31. Rxc7 Bxf3 32. Bxc4 Nxc4 33.
Rxc4 Bb7 34. Rb4 Bc8 35. Rb8 Kg8 36. a3 Be6 37. Rxf8+ Kxf8 38. Kf2 Ke7 39. Ke3
Kd6 40. Kd4 Bf5 41. Nd5 Bc8 42. g3 Bb7 43. Nb4 a5 44. Nd3 Bd5 45. Nc5 h6 46.
Nd3 Bb7 47. Ne5 Bd5 48. Ng6 Bc6 49. Nf4 Be8 50. h4 Bf7 51. Nd3 Be8 52. Nc5 Bc6
53. Nb3 a4 54. Nc5 g6 55. Nd3 Ke6 56. Ne5 Be8 57. Ke4 g5 58. hxg5 1/2-1/2

[Event "Dubai op 5th"]
[Site "Dubai"]
[Date "2003.04.28"]
[Round "8"]
[White "Kharlov, Andrei"]
[Black "Magerramov, Elmar"]
[Result "0-1"]
[WhiteElo "2581"]
[BlackElo "2558"]
[PlyCount "54"]
[EventDate "2003.04.20"]
[EventType "swiss"]
[EventRounds "9"]
[EventCountry "UAE"]
[SourceTitle "CBM 093 ext"]
[Source "ChessBase"]
[SourceDate "2003.05.09"]
[SourceVersion "1"]
[SourceVersionDate "2003.05.09"]
[SourceQuality "1"]

1. d4 d5 2. c4 e6 3. Nf3 c5 4. e3 Nf6 5. a3 Nc6 6. dxc5 a5 7. cxd5 exd5 8. Qc2
Ne4 9. Nc3 Nxc5 10. Bb5 Be7 11. Nd4 Bd7 12. Nf5 Bxf5 13. Qxf5 Nb3 14. Rb1 Nxc1
15. Rxc1 d4 16. Rd1 O-O 17. Bxc6 bxc6 18. Rxd4 Qb6 19. Na4 Qb5 20. Qxb5 cxb5
21. Nb6 Ra7 22. Ke2 Bc5 23. Nd5 Bxd4 24. exd4 Rd7 25. Nc3 Rxd4 26. Nxb5 Re8+
27. Kf3 Rd3+ 0-1

[Event "Dubai op 5th"]
[Site "Dubai"]
[Date "2003.04.29"]
[Round "9"]
[White "Saleh, Nabil"]
[Black "Kharlov, Andrei"]
[Result "0-1"]
[WhiteElo "2304"]
[BlackElo "2581"]
[PlyCount "64"]
[EventDate "2003.04.20"]
[EventType "swiss"]
[EventRounds "9"]
[EventCountry "UAE"]
[SourceTitle "CBM 093 ext"]
[Source "ChessBase"]
[SourceDate "2003.05.09"]
[SourceVersion "1"]
[SourceVersionDate "2003.05.09"]
[SourceQuality "1"]

1. d4 d5 2. Nf3 Nf6 3. c4 e6 4. Nc3 dxc4 5. e4 Bb4 6. Bg5 c5 7. Bxc4 cxd4 8.
Nxd4 Nbd7 9. O-O Bxc3 10. bxc3 Qa5 11. Nb5 O-O 12. Bf4 e5 13. Bc1 Nb6 14. Be2
Bd7 15. Qb3 Nxe4 16. Ba3 Bxb5 17. Bxb5 Nd2 18. Qb2 Ndc4 19. Bxc4 Nxc4 20. Bb4
Nxb2 21. Bxa5 Nc4 22. Bb4 Rfd8 23. Rfd1 Nb2 24. Rxd8+ Rxd8 25. Kf1 f6 26. Ke2
Kf7 27. Bc5 b6 28. Be3 Nc4 29. Rb1 Ke6 30. Rb4 Rc8 31. Bc1 Nd6 32. Bd2 Rc4 0-1

[Event "RUS-chT"]
[Site "Togliatti"]
[Date "2003.05.16"]
[Round "1"]
[White "Kharlov, Andrei"]
[Black "Torbin, Kirill"]
[Result "1/2-1/2"]
[WhiteElo "2581"]
[BlackElo "2427"]
[PlyCount "115"]
[EventDate "2003.05.16"]
[EventType "team"]
[EventRounds "10"]
[EventCountry "RUS"]
[SourceTitle "CBM 094 ext"]
[Source "ChessBase"]
[SourceDate "2003.07.09"]
[SourceVersion "2"]
[SourceVersionDate "2003.07.09"]
[SourceQuality "1"]

1. d4 d5 2. c4 dxc4 3. Nf3 Nf6 4. e3 e6 5. Bxc4 a6 6. O-O c5 7. Bb3 Nc6 8. Nc3
cxd4 9. exd4 Be7 10. Bg5 O-O 11. Qd2 Na5 12. Bc2 b5 13. Qf4 g6 14. Qh4 Re8 15.
Ne5 Nh5 16. Bxe7 Qxe7 17. Qxe7 Rxe7 18. b4 Bb7 19. bxa5 Rc8 20. Bd1 Rxc3 21.
Bxh5 gxh5 22. Rfc1 Ra3 23. h3 Rxa5 24. a4 Bd5 25. axb5 Rxa1 26. Rxa1 axb5 27.
Rb1 f6 28. Nd3 Bc4 29. Nc5 Kg7 30. Ra1 Kg6 31. f3 h4 32. Kf2 Rc7 33. Ra6 Re7
34. Ne4 Bd5 35. Nc5 Bc4 36. Ne4 Rd7 37. Ke3 Bd5 38. Nc5 Rd8 39. Nd3 Kf5 40. Ra5
Rb8 41. Nb4 Bc4 42. Ra7 Kg6 43. Nc6 Re8 44. Rb7 Kh6 45. Na7 Rg8 46. Kf2 Rg5 47.
Nc6 Rg7 48. Rb6 Kg5 49. Na5 Rc7 50. Nxc4 bxc4 51. Rxe6 c3 52. Re1 c2 53. Rc1
Kf4 54. Ke2 Kg3 55. Kd3 Kxg2 56. Rxc2+ Rxc2 57. Kxc2 Kxh3 58. d5 1/2-1/2

[Event "RUS-chT"]
[Site "Togliatti"]
[Date "2003.05.18"]
[Round "3"]
[White "Kharlov, Andrei"]
[Black "Smirnov, Pavel"]
[Result "0-1"]
[WhiteElo "2581"]
[BlackElo "2615"]
[PlyCount "92"]
[EventDate "2003.05.16"]
[EventType "team"]
[EventRounds "10"]
[EventCountry "RUS"]
[SourceTitle "CBM 094 ext"]
[Source "ChessBase"]
[SourceDate "2003.07.09"]
[SourceVersion "2"]
[SourceVersionDate "2003.07.09"]
[SourceQuality "1"]

1. e4 c5 2. Nf3 Nc6 3. Nc3 e5 4. Bc4 d6 5. d3 Be7 6. Nd5 Nf6 7. c3 O-O 8. O-O
Nxd5 9. Bxd5 Be6 10. Bxe6 fxe6 11. b4 cxb4 12. cxb4 Nxb4 13. Qb3 d5 14. Nxe5 a5
15. a3 a4 16. Qd1 Nc6 17. Nxc6 bxc6 18. Qg4 Qd6 19. Bb2 Bf6 20. Bxf6 Rxf6 21.
g3 e5 22. Ra2 Qc5 23. Qe2 Qd4 24. Rc2 Raf8 25. exd5 cxd5 26. Rc7 Rf5 27. Rb7
Rf3 28. Rb4 Qc3 29. Rxa4 Rxd3 30. Ra7 Qd4 31. Ra4 Qc3 32. Ra7 Rdf3 33. Rd7 e4
34. Rxd5 e3 35. Rd8 exf2+ 36. Kg2 Qc6 37. Rxf8+ Rxf8+ 38. Kh3 Rf6 39. Rxf2 Rh6+
40. Kg4 Qd7+ 41. Rf5 Rg6+ 42. Kf4 Qd4+ 43. Qe4 Rg4+ 44. Kxg4 Qxe4+ 45. Rf4 Qe2+
46. Kh3 h5 0-1

[Event "RUS-chT"]
[Site "Togliatti"]
[Date "2003.05.20"]
[Round "5"]
[White "Grachev, Boris"]
[Black "Kharlov, Andrei"]
[Result "1/2-1/2"]
[WhiteElo "2483"]
[BlackElo "2581"]
[PlyCount "131"]
[EventDate "2003.05.16"]
[EventType "team"]
[EventRounds "10"]
[EventCountry "RUS"]
[SourceTitle "CBM 094 ext"]
[Source "ChessBase"]
[SourceDate "2003.07.09"]
[SourceVersion "2"]
[SourceVersionDate "2003.07.09"]
[SourceQuality "1"]

1. d4 d5 2. Nf3 e6 3. c4 dxc4 4. e3 a6 5. Bxc4 c5 6. O-O Nf6 7. Bd3 b6 8. Qe2
Bb7 9. Rd1 Nbd7 10. a3 Qb8 11. Nbd2 cxd4 12. exd4 Bd6 13. Nc4 Bxf3 14. Nxd6+
Qxd6 15. Qxf3 Nd5 16. Qg4 Kf8 17. Qe2 a5 18. Bg5 h6 19. Bh4 f5 20. f3 Kf7 21.
Bg3 f4 22. Bf2 N7f6 23. Re1 Rhd8 24. Rad1 Rac8 25. Bb1 Rc6 26. Qd3 Rdc8 27. g4
fxg3 28. Bxg3 Nf4 29. Qd2 N6h5 30. Re5 g5 31. Kh1 Qc7 32. Ree1 Nxg3+ 33. hxg3
Nh5 34. d5 exd5 35. Qxd5+ Kf8 36. Re6 Ng7 37. Rxc6 Qxc6 38. Qb3 Qe6 39. Qxe6
Nxe6 40. Bf5 Ke7 41. Kg2 Kf6 42. Bxe6 Rc2+ 43. Kh3 Kxe6 44. Kg4 Rxb2 45. Rh1
Kd7 46. Rxh6 a4 47. Kxg5 Rb3 48. Kf4 b5 49. g4 Rxa3 50. Rb6 Rb3 51. g5 a3 52.
g6 a2 53. Ra6 Rb4+ 54. Kf5 Ra4 55. Rxa4 bxa4 56. g7 a1=Q 57. g8=Q Qb1+ 58. Ke5
Qb2+ 59. Ke4 a3 60. Qd5+ Kc7 61. Qc5+ Kb7 62. Qd5+ Kb6 63. Kd3 Qb1+ 64. Kc3
Qc1+ 65. Kb4 Qb2+ 66. Qb3 1/2-1/2

[Event "RUS-chT"]
[Site "Togliatti"]
[Date "2003.05.21"]
[Round "6"]
[White "Olenin, Nikolay"]
[Black "Kharlov, Andrei"]
[Result "1/2-1/2"]
[WhiteElo "2406"]
[BlackElo "2581"]
[PlyCount "38"]
[EventDate "2003.05.16"]
[EventType "team"]
[EventRounds "10"]
[EventCountry "RUS"]
[SourceTitle "CBM 094 ext"]
[Source "ChessBase"]
[SourceDate "2003.07.09"]
[SourceVersion "2"]
[SourceVersionDate "2003.07.09"]
[SourceQuality "1"]

1. e4 c5 2. Nf3 Nc6 3. d4 cxd4 4. Nxd4 Nf6 5. Nc3 d6 6. Bg5 e6 7. Qd2 Be7 8.
O-O-O O-O 9. f4 Nxd4 10. Qxd4 Qa5 11. Kb1 h6 12. h4 Rd8 13. Be2 e5 14. Qd3 exf4
15. Bxf4 Bf8 16. Qg3 Be6 17. Bg5 Qe5 18. Bf4 Qa5 19. Bg5 Qe5 1/2-1/2

[Event "RUS-chT"]
[Site "Togliatti"]
[Date "2003.05.22"]
[Round "7"]
[White "Zvjaginsev, Vadim"]
[Black "Kharlov, Andrei"]
[Result "1-0"]
[WhiteElo "2664"]
[BlackElo "2581"]
[PlyCount "135"]
[EventDate "2003.05.16"]
[EventType "team"]
[EventRounds "10"]
[EventCountry "RUS"]
[SourceTitle "CBM 094 ext"]
[Source "ChessBase"]
[SourceDate "2003.07.09"]
[SourceVersion "2"]
[SourceVersionDate "2003.07.09"]
[SourceQuality "1"]

1. c4 e6 2. Nc3 d5 3. d4 Nf6 4. Bg5 dxc4 5. e3 a6 6. Bxc4 b5 7. Be2 c5 8. dxc5
Qxd1+ 9. Rxd1 Bb7 10. Bf3 Bxf3 11. Nxf3 Bxc5 12. Bxf6 gxf6 13. Ke2 Ke7 14. Ne4
Bb6 15. Rd6 Bc7 16. Rd3 Bb6 17. Rc1 Ra7 18. Nd4 f5 19. Nd2 Rc7 20. Rxc7+ Bxc7
21. Rc3 Bd6 22. f4 f6 23. N2b3 Kd7 24. Kf3 Rg8 25. g3 Rg6 26. Kg2 Rg8 27. Kh3
Rg6 28. Rc2 Rh6+ 29. Kg2 Rg6 30. Kh3 Rh6+ 31. Kg2 Rg6 32. Rc1 Rg8 33. Kf3 Rg6
34. Kg2 Rg8 35. Kh3 Rg6 36. a3 Rh6+ 37. Kg2 Rg6 38. Kh3 Rh6+ 39. Kg2 Rg6 40.
Rc2 Rg8 41. Kh3 Rg6 42. Na5 Bc7 43. Nb7 Bb6 44. Nc5+ Bxc5 45. Rxc5 Rh6+ 46. Kg2
Rg6 47. b3 Rg8 48. Kh3 Rg6 49. b4 Rg8 50. Kh4 h5 51. Kxh5 Ke7 52. Kh6 Rh8+ 53.
Kg7 Rxh2 54. Rc7+ Nd7 55. Rc6 Nf8 56. Rxa6 Rh7+ 57. Kg8 Rh3 58. Nc6+ Ke8 59.
Ra8+ Kd7 60. Nb8+ Ke8 61. Nc6+ Kd7 62. Rxf8 Rxg3+ 63. Kf7 Kxc6 64. Re8 e5 65.
Kxf6 exf4 66. exf4 Rxa3 67. Rd8 Rc3 68. Rc8+ 1-0

[Event "RUS-chT"]
[Site "Togliatti"]
[Date "2003.05.23"]
[Round "8"]
[White "Landa, Konstantin"]
[Black "Kharlov, Andrei"]
[Result "0-1"]
[WhiteElo "2643"]
[BlackElo "2581"]
[PlyCount "68"]
[EventDate "2003.05.16"]
[EventType "team"]
[EventRounds "10"]
[EventCountry "RUS"]
[SourceTitle "CBM 094 ext"]
[Source "ChessBase"]
[SourceDate "2003.07.09"]
[SourceVersion "2"]
[SourceVersionDate "2003.07.09"]
[SourceQuality "1"]

1. e4 e5 2. Nf3 Nc6 3. Bb5 Nf6 4. d3 d6 5. c4 Be7 6. d4 O-O 7. Bxc6 bxc6 8. Nc3
exd4 9. Nxd4 Bd7 10. O-O c5 11. Nde2 Bc6 12. Qd3 Nd7 13. f4 Bf6 14. Bd2 Re8 15.
Rae1 a5 16. Ng3 a4 17. Re2 Rb8 18. Bc1 Nb6 19. Rfe1 g6 20. Kh1 Bg7 21. b3 axb3
22. axb3 Qh4 23. Nd1 Nd7 24. Rf1 Nf6 25. Bb2 Re7 26. Qf3 Rbe8 27. Bxf6 Bxf6 28.
Ne3 Bxe4 29. Nxe4 Rxe4 30. g3 Qh3 31. Rfe1 Qe6 32. Nd5 Rxe2 33. Nxf6+ Kh8 34.
Rxe2 Qxe2 0-1

[Event "RUS-chT"]
[Site "Togliatti"]
[Date "2003.05.24"]
[Round "9"]
[White "Kharlov, Andrei"]
[Black "Kovalevskaya, Ekaterina"]
[Result "1/2-1/2"]
[WhiteElo "2581"]
[BlackElo "2447"]
[PlyCount "61"]
[EventDate "2003.05.16"]
[EventType "team"]
[EventRounds "10"]
[EventCountry "RUS"]
[SourceTitle "CBM 094 ext"]
[Source "ChessBase"]
[SourceDate "2003.07.09"]
[SourceVersion "2"]
[SourceVersionDate "2003.07.09"]
[SourceQuality "1"]

1. c4 e5 2. g3 Nc6 3. Bg2 f5 4. Nc3 Nf6 5. e3 d5 6. cxd5 Nb4 7. d3 Nfxd5 8.
Nxd5 Nxd5 9. Nf3 Bd6 10. O-O Nf6 11. Qb3 Qe7 12. Bd2 c6 13. Bc3 Be6 14. Qc2 Nd7
15. Nd2 O-O 16. Rae1 Bb4 17. d4 Bxc3 18. bxc3 e4 19. f3 exf3 20. Rxf3 Rae8 21.
Bh3 Qg5 22. e4 Qh6 23. Bg2 Nf6 24. e5 Bd5 25. Rxf5 Bxg2 26. Kxg2 Nd5 27. Rxf8+
Rxf8 28. Nf1 Qh5 29. Qe2 Qxe2+ 30. Rxe2 Nxc3 31. Rb2 1/2-1/2

[Event "RUS-chT"]
[Site "Togliatti"]
[Date "2003.05.25"]
[Round "10"]
[White "Sveshnikov, Evgeny"]
[Black "Kharlov, Andrei"]
[Result "1/2-1/2"]
[WhiteElo "2551"]
[BlackElo "2581"]
[PlyCount "36"]
[EventDate "2003.05.16"]
[EventType "team"]
[EventRounds "10"]
[EventCountry "RUS"]
[SourceTitle "CBM 094 ext"]
[Source "ChessBase"]
[SourceDate "2003.07.09"]
[SourceVersion "2"]
[SourceVersionDate "2003.07.09"]
[SourceQuality "1"]

1. e4 c5 2. c3 Nf6 3. e5 Nd5 4. Nf3 Nc6 5. Bc4 Nb6 6. Be2 g6 7. d4 cxd4 8. cxd4
Bg7 9. Nc3 O-O 10. Bf4 d6 11. exd6 exd6 12. O-O Bg4 13. Nb5 Nc8 14. h3 Bxf3 15.
Bxf3 a6 16. Na3 d5 17. Nc2 N8e7 18. Bg5 h6 1/2-1/2

[Event "EU-ch 4th"]
[Site "Istanbul"]
[Date "2003.05.30"]
[Round "1"]
[White "Kharlov, Andrei"]
[Black "Hug, Werner"]
[Result "1-0"]
[WhiteElo "2581"]
[BlackElo "2453"]
[PlyCount "151"]
[EventDate "2003.05.30"]
[EventType "swiss"]
[EventRounds "13"]
[EventCountry "TUR"]
[SourceTitle "CBM 096"]
[Source "ChessBase"]
[SourceDate "2003.09.25"]
[SourceVersion "1"]
[SourceVersionDate "2003.09.25"]
[SourceQuality "1"]

1. g3 g6 2. Bg2 Bg7 3. d4 d6 4. e4 Nc6 5. Ne2 Bg4 6. f3 Bd7 7. Nbc3 e5 8. d5
Nce7 9. O-O Nf6 10. f4 O-O 11. fxe5 Ng4 12. e6 fxe6 13. h3 Rxf1+ 14. Qxf1 Ne5
15. Bg5 h6 16. Bf6 Bxf6 17. Qxf6 Qf8 18. Qxf8+ Rxf8 19. dxe6 Bxe6 20. Nd4 Bd7
21. Nd5 Nxd5 22. exd5 Re8 23. Re1 Kf7 24. Re3 Ke7 25. Rb3 b6 26. Rc3 Kd8 27.
Bf1 a5 28. Bb5 Bxb5 29. Nxb5 Re7 30. a3 h5 31. b3 g5 32. Kg2 g4 33. hxg4 hxg4
34. Kf2 Rf7+ 35. Ke3 Re7 36. Kf4 Rf7+ 37. Kg5 Rg7+ 38. Kh6 Rf7 39. a4 Re7 40.
Nd4 Rf7 41. Ne6+ Kc8 42. Kg5 c5 43. Nf4 Kd7 44. Re3 Rf8 45. c4 Rg8+ 46. Kf5
Rf8+ 47. Ke4 Ke7 48. Re2 Rh8 49. Nd3 Nxd3 50. Kxd3+ Kf6 51. Re6+ Kf5 52. Rxd6
Rh3 53. Rxb6 Rxg3+ 54. Ke2 Rc3 55. Rb8 g3 56. Rf8+ Ke5 57. Re8+ Kf4 58. d6 g2
59. Rg8 Re3+ 60. Kd2 Re6 61. Rxg2 Rxd6+ 62. Kc3 Rh6 63. Re2 Rh3+ 64. Kb2 Rh5
65. Re8 Re5 66. Ra8 Re2+ 67. Ka3 Re5 68. Rxa5 Ke4 69. Ra8 Kd4 70. Rh8 Re1 71.
Rh2 Kc3 72. a5 Ra1+ 73. Ra2 Rb1 74. Ka4 Rh1 75. a6 Rh6 76. Kb5 1-0

[Event "EU-ch 4th"]
[Site "Istanbul"]
[Date "2003.05.31"]
[Round "2"]
[White "Yeke, Serkan"]
[Black "Kharlov, Andrei"]
[Result "1/2-1/2"]
[WhiteElo "2287"]
[BlackElo "2581"]
[PlyCount "61"]
[EventDate "2003.05.30"]
[EventType "swiss"]
[EventRounds "13"]
[EventCountry "TUR"]
[SourceTitle "CBM 096"]
[Source "ChessBase"]
[SourceDate "2003.09.25"]
[SourceVersion "1"]
[SourceVersionDate "2003.09.25"]
[SourceQuality "1"]

1. Nf3 d5 2. d4 Nf6 3. c4 e6 4. Nc3 dxc4 5. e4 Bb4 6. Bg5 c5 7. Bxc4 cxd4 8.
Nxd4 Bxc3+ 9. bxc3 Qa5 10. Bxf6 Qxc3+ 11. Kf1 gxf6 12. Bb5+ Ke7 13. Rc1 Qa5 14.
Qe2 a6 15. Bd3 Bd7 16. g3 Nc6 17. Nb3 Qa3 18. Kg2 Rac8 19. Qh5 Ne5 20. Bb1 Ba4
21. f4 Nc4 22. Kh3 Bxb3 23. axb3 Nd2 24. Rxc8 Rxc8 25. e5 f5 26. Rd1 Nxb1 27.
Qg5+ Ke8 28. Rd6 Kf8 29. Rd7 Ke8 30. Rd6 Kf8 31. Rd8+ 1/2-1/2

[Event "EU-ch 4th"]
[Site "Istanbul"]
[Date "2003.06.02"]
[Round "4"]
[White "Kharlov, Andrei"]
[Black "Georgiev, Kiril"]
[Result "1/2-1/2"]
[WhiteElo "2581"]
[BlackElo "2647"]
[PlyCount "24"]
[EventDate "2003.05.30"]
[EventType "swiss"]
[EventRounds "13"]
[EventCountry "TUR"]
[SourceTitle "CBM 096"]
[Source "ChessBase"]
[SourceDate "2003.09.25"]
[SourceVersion "1"]
[SourceVersionDate "2003.09.25"]
[SourceQuality "1"]

1. d4 d5 2. c4 c6 3. Nf3 Nf6 4. Qb3 dxc4 5. Qxc4 Bf5 6. g3 e6 7. Bg2 Be7 8. O-O
O-O 9. Nc3 Nbd7 10. a4 a5 11. e3 Qb6 12. Qe2 Qa6 1/2-1/2